000 00779nam a2200253Ia 4500
003 OSt
005 20221005115810.0
006 a|||||r|||| 00| 0
007 ta
008 221004b |||||||| |||| 00| 0 eng d
024 _a57669
037 _cTextual
040 _aCRL
_cCRL
_beng
041 _2eng
_aeng
082 _aT4:832b56t3:N58, K0
110 _aGreat Britain. University Grants Committee
_9356678
111 _aCommittee on superannuation of university teachers
_9628137
245 0 _aCommittee on superannuation of university teachers
_b Report
260 _c1962
650 _aHIGHER EDUCATION
700 _aGreat Britain. University Grants Committee
_9356680
942 _hT4:832b56t3:N58, K0
_cTEXL
_2cc
999 _c1035952
_d1035952